|
|
|
|
| LEADER |
04003nam a22004333i 4500 |
| 001 |
EBC30256432 |
| 003 |
MiAaPQ |
| 005 |
20231204023229.0 |
| 006 |
m o d | |
| 007 |
cr cnu|||||||| |
| 008 |
231204s2023 xx o ||||0 eng d |
| 020 |
|
|
|a 9789048554317
|q (electronic bk.)
|
| 020 |
|
|
|z 9789463721462
|
| 035 |
|
|
|a (MiAaPQ)EBC30256432
|
| 035 |
|
|
|a (Au-PeEL)EBL30256432
|
| 035 |
|
|
|a (OCoLC)1351750352
|
| 040 |
|
|
|a MiAaPQ
|b eng
|e rda
|e pn
|c MiAaPQ
|d MiAaPQ
|
| 082 |
0 |
|
|a 829.093522
|
| 100 |
1 |
|
|a Norris, Robin.
|
| 245 |
1 |
0 |
|a Feminist Approaches to Early Medieval English Studies.
|
| 250 |
|
|
|a 1st ed.
|
| 264 |
|
1 |
|a Amsterdam :
|b Amsterdam University Press,
|c 2023.
|
| 264 |
|
4 |
|c ©2023.
|
| 300 |
|
|
|a 1 online resource (410 pages)
|
| 336 |
|
|
|a text
|b txt
|2 rdacontent
|
| 337 |
|
|
|a computer
|b c
|2 rdamedia
|
| 338 |
|
|
|a online resource
|b cr
|2 rdacarrier
|
| 490 |
1 |
|
|a Knowledge Communities Series ;
|v v.12
|
| 505 |
0 |
|
|a Cover -- Table of Contents -- Introduction -- Metacritical Considerations -- 1. The Lost Victorian Women of Old English Studies -- M. J. Toswell -- 2. Embroidered Narratives -- Christina Lee -- 3. Remembering the Lady of Mercia -- Scott Thompson Smith -- Affect Theory -- 4. Be a Man, Beowulf -- Sentimental Masculinity and the Gentleness of Kings -- E. J. Christie -- 5. Shame, Disgust and Ælfric's Masculine Performance -- Alice Jorgensen -- Treatments of Virginity -- 6. The Ornament of Virginity -- Aldhelm's De uirginitate and the Virtuous Women of the Early English Church -- Emily V. Thornbury -- 7. Chaste Bodies and Untimely Virgins -- Sexuality, Temporality, and Bede's Æthelthryth -- Lisa M. C. Weston -- Medical Discourse -- 8. Monaðgecynd and flewsan -- Wanted and Unwanted Monthly Courses in Old English Medical Texts -- Dana M. Oswald -- 9. Dangerous Voices, Erased Bodies -- Reassessing the Old English Wifgemædla and Witches in Leechbook III -- Erin E. Sweany -- 10. Women and "Women's Medicine" in Early Medieval England, from Text to Practice -- Christine Voth -- Women's Literacy -- 11. The Literate Memory of Hugeburc of Heidenheim -- Aidan Conti -- 12. A Road Nearly Taken -- An Eighth-Century Manuscript in a Woman's Hand and Franco-Saxon Nuns in Early Medieval English Intellectual History -- Matthew T. Hussey -- 13. "Historical Accuracy," Anonymity, and Women's Authorship -- The Case of the Case for Beowulf -- Stephen M. Yeager -- Index -- List of Illustrations -- Fig. 3.1 Cassell's Illustrated History of England from the Roman Invasion to the Wars of the Roses -- Fig. 3.2 The Æthelflæd statue at Tamworth Castle, designed by H. C. Mitchell and sculpted by E. G. Bramwell. The statue was raised in 1913 -- Fig. 3.3 The Æthelflæd statue sculpted by Luke Perry and raised in 2018.
|
| 505 |
8 |
|
|a Fig. 11.1 Hugeburc's cipher. München, Bayerische Staatsbibliothek, Clm. 1086, fol. 71v, lines 4-78 -- Fig. 12.1 Detail from Würzburg, Universitätsbibliothek M.p.th.f.79, fol. 1v. -- Fig. 12.2 Detail from Oxford, Bodleian Library MS. Hatton 48, fol. 1r. -- Fig. 12.3 Detail from Boulogne-sur-Mer, Bibliothèque Municipale 74 (82), fol. 53r. -- Fig. 12.4 Detail from Paris, Bibliothèque Nationale lat. 17177, fol. 8r. -- Fig. 12.5 Detail from Boulogne-sur-Mer, Bibliothèque Municipale 74 (82), fol. 1r.
|
| 588 |
|
|
|a Description based on publisher supplied metadata and other sources.
|
| 590 |
|
|
|a Electronic reproduction. Ann Arbor, Michigan : ProQuest Ebook Central, 2023. Available via World Wide Web. Access may be limited to ProQuest Ebook Central affiliated libraries.
|
| 655 |
|
4 |
|a Electronic books.
|
| 700 |
1 |
|
|a Stephenson, Rebecca.
|
| 700 |
1 |
|
|a Trilling, Renee.
|
| 776 |
0 |
8 |
|i Print version:
|a Norris, Robin
|t Feminist Approaches to Early Medieval English Studies
|d Amsterdam : Amsterdam University Press,c2023
|z 9789463721462
|
| 797 |
2 |
|
|a ProQuest (Firm)
|
| 830 |
|
0 |
|a Knowledge Communities Series
|
| 856 |
4 |
0 |
|u https://ebookcentral.proquest.com/lib/matrademy/detail.action?docID=30256432
|z Click to View
|